000 00185 a2200097 4500
001 5576
100 _aAllcock,HJ
245 _aNomognam,
260 _a
_bPitman
_c
090 _c4583
_d4583
942 _aNUST-CAE
_cM
_c30915
999 _c240649
_d240649